| 000 | 04058cam a22007814i 4500 | ||
|---|---|---|---|
| 001 | u52696 | ||
| 003 | PE-LiUPU | ||
| 005 | 20250731170456.0 | ||
| 008 | 150706s2012 mx a rb 001 0 spa d | ||
| 020 | _a6071713048 | ||
| 020 | _a9786071713049 | ||
| 035 | _a(Sirsi) i9786071713049 | ||
| 040 |
_aPE-LiUPU _bspa _cPE-LiUPU _dPE-LiUPU _erda |
||
| 049 | _aPRUA | ||
| 082 | 0 | 4 |
_a158 _bT21 _221 |
| 082 | 0 | 4 |
_a152.4 _bT21 2012 |
| 100 | 1 |
_aTapia Vargas, Alejandro, _eautor. |
|
| 245 | 1 | 0 |
_aPsicología positiva / _cAlejandro Tapia Vargas, Margarita Tarragona Sáez y Mónica Teresa González Ramírez. |
| 264 | 1 |
_aMéxico : _bTrillas, _c2012. |
|
| 300 |
_a246 páginas : _bilustraciones ; _c23 centímetros |
||
| 336 |
_atext _2rdacontent |
||
| 337 |
_aunmediated _2rdamedia |
||
| 338 |
_avolume _2rdacarrier |
||
| 504 | _aBibliografía al final de cada capítulo. | ||
| 504 | _aÍndice: páginas 243-246. | ||
| 505 | 0 | _aFundamentos de la psicología positiva -- Breve introducción a la psicología positiva y al estudio de la felicidad y el bienestar -- Teoría de la construcción y la ampliación de los emociones positivas -- La experiencia óptima o el fluir -- El talento en la docencia -- La psicología positiva en la educación: conversaciones y relaciones que generan posibilidades -- La psicología positiva en las organizaciones -- Resiliencia y movilidad social en una muestra de pobre -- extremos, beneficios del programa oportunidades -- Los puentes entre la psicología positiva y las psicología de la salud -- La trascendencia de lo cotidiano. | |
| 526 | _aSEG68 | ||
| 526 | _aSEG70 | ||
| 526 | _aSEG69 | ||
| 526 | _aSEG67 | ||
| 526 | _aSEG43 | ||
| 526 | _aP144 | ||
| 526 | _aP143 | ||
| 526 | _aP131 | ||
| 526 | _aP122 | ||
| 526 | _aP120 | ||
| 526 | _aP117 | ||
| 526 | _aP112 | ||
| 526 | _aP110 | ||
| 526 | _aP106 | ||
| 526 | _aP101 | ||
| 526 | _aP80 | ||
| 526 | _aP59 | ||
| 526 | _aP54 | ||
| 526 | _aP35 | ||
| 526 | _aP33 | ||
| 526 | _aP30 | ||
| 541 | _g001-0037437; | ||
| 596 | _a1 2 | ||
| 650 | 0 | 4 | _aConsulta de vida. |
| 650 | 0 | 4 | _aPsicología aplicada. |
| 650 | 0 | 4 | _aValores sociales. |
| 700 | 1 |
_aTarragona Sáez, Margarita, _eautor. |
|
| 700 | 1 |
_aGonzález Ramírez, Monica teresa, _eautor. |
|
| 910 |
_agl _cng _d20150706 |
||
| 942 |
_2ddc _cBOOK |
||
| 994 |
_aC0 _bPEPRU |
||
| 949 |
_a152.4 T21 2012 _wDEWEY _c1 _iFT02733 _lCCODEBUT1 _mBUT _n4 _p{Dolar}28.00 _r0 _sY _tBOOK _u2015-9-28 _xSALUD _PP33 _0COMPRA _o.STAFF. Colección General Tarapoto |
||
| 949 |
_a158 T21 _wDEWEY _c1 _i67809 _d2018-4-20 _e2017-5-30 _f2018-2-10 _g2 _lCCODEBUL1 _mBUL _n5 _p28.00 _q1 _r0 _sY _tBOOK _u2015-7-6 _xSALUD _PP33 _0COMPRA _o.STAFF. Colección Ciencias de la Salud |
||
| 949 |
_a158 T21 _wDEWEY _c2 _i67810 _d2018-4-17 _e2018-4-12 _f2018-2-10 _g2 _lCCODEBUL1 _mBUL _n9 _p28.00 _r0 _sY _tBOOK _u2015-7-6 _xSALUD _PP33 _0COMPRA _o.STAFF. Colección Ciencias de la Salud |
||
| 949 |
_a158 T21 _wDEWEY _c3 _i70253 _d2018-5-16 _e2018-5-14 _f2018-2-10 _g2 _lCCODEBUL1 _mBUL _n9 _p29.00 _q2 _r0 _sY _tBOOK _u2015-7-24 _xSALUD _PP33 _0COMPRA _o.STAFF. Colección Ciencias de la Salud |
||
| 999 |
_a158 T21 _wDEWEY _c55333 _i67809 _d55333 _e2019-8-12 _f2021-11-3 _g5 _lCCODEBUL1 _mBUL _n10 _p28.00 _q2 _r0 _sY _tBOOK _u2015-7-6 _xSALUD _zP33 _0COMPRA _o.STAFF. Colección Ciencias de la Salud |
||
| 999 |
_a158 T21 _wDEWEY _c2 _i67810 _d2019-8-13 _e2019-8-13 _f2021-11-3 _g6 _lCCODEBUL1 _mBUL _n12 _p28.00 _r0 _sY _tBOOK _u2015-7-6 _xSALUD _zP33 _0COMPRA _o.STAFF. Colección Ciencias de la Salud |
||
| 999 |
_a158 T21 _wDEWEY _c3 _i70253 _d2019-8-13 _e2019-8-13 _f2021-11-3 _g5 _lCCODEBUL1 _mBUL _n11 _p29.00 _q8 _r0 _sY _tBOOK _u2015-7-24 _xSALUD _zP33 _0COMPRA _o.STAFF. Colección Ciencias de la Salud |
||
| 999 |
_a152.4 T21 2012 _wDEWEY _c1 _iFT02733 _d2019-6-4 _e2019-6-4 _f2019-2-20 _g1 _lCCODEBUT1 _mBUT _n9 _p28.00 _r0 _sY _tBOOK _u2015-9-28 _xSALUD _PP33 _0COMPRA _o.STAFF. Colección General |
||
| 980 |
_81 _gALBERTO SANCHEZ Responsable de Automatización |
||